Diseases of raspberries and erect and trailing blackberries (Record no. 12131)
[ view plain ]
| 000 -LEADER | |
|---|---|
| fixed length control field | 01106cam a2200289 4500 |
| 001 - CONTROL NUMBER | |
| control field | agr67000003 |
| 003 - CONTROL NUMBER IDENTIFIER | |
| control field | DLC |
| 005 - DATE AND TIME OF LATEST TRANSACTION | |
| control field | 20260227111025.0 |
| 008 - FIXED-LENGTH DATA ELEMENTS--GENERAL INFORMATION | |
| fixed length control field | 690715s1966 dcu b 000 0 eng c |
| 010 ## - LIBRARY OF CONGRESS CONTROL NUMBER | |
| LC control number | agr67000003 |
| 040 ## - CATALOGING SOURCE | |
| Original cataloging agency | U.S. Nat'l Agr. Libr. |
| Transcribing agency | DLC |
| Modifying agency | DLC |
| 050 00 - LIBRARY OF CONGRESS CALL NUMBER | |
| Classification number | SB608.R25 |
| Item number | C6 |
| 070 0# - NATIONAL AGRICULTURAL LIBRARY CALL NUMBER | |
| Classification number | 1 Ag84Ah no. 310 |
| 082 00 - DEWEY DECIMAL CLASSIFICATION NUMBER | |
| Classification number | 634/.711 |
| 100 1# - MAIN ENTRY--PERSONAL NAME | |
| Personal name | Converse, Richard H., |
| Dates associated with a name | 1925- |
| 245 10 - TITLE STATEMENT | |
| Title | Diseases of raspberries and erect and trailing blackberries |
| Statement of responsibility, etc. | [by Richard H. Converse. |
| 260 ## - PUBLICATION, DISTRIBUTION, ETC. | |
| Place of publication, distribution, etc. | Washington] |
| Name of publisher, distributor, etc. | Agricultural Research Service, U.S. Dept. of Agriculture; [for sale by the Superintendent of Documents, U.S. Govt. Print. Off., |
| Date of publication, distribution, etc. | 1966] |
| 300 ## - PHYSICAL DESCRIPTION | |
| Extent | 111 p. |
| Other physical details | illus. |
| Dimensions | 24 cm. |
| 490 1# - SERIES STATEMENT | |
| Series statement | Agriculture handbook no. 310 |
| 500 ## - GENERAL NOTE | |
| General note | Cover title. |
| 504 ## - BIBLIOGRAPHY, ETC. NOTE | |
| Bibliography, etc. note | "Literature cited": p. 88-105. |
| 650 #0 - SUBJECT ADDED ENTRY--TOPICAL TERM | |
| Topical term or geographic name entry element | Raspberries |
| General subdivision | Diseases and pests. |
| 650 #0 - SUBJECT ADDED ENTRY--TOPICAL TERM | |
| Topical term or geographic name entry element | Blackberries |
| General subdivision | Diseases and pests. |
| 650 #3 - SUBJECT ADDED ENTRY--TOPICAL TERM | |
| Topical term or geographic name entry element | Raspberries |
| General subdivision | Diseases (and pests) |
| 650 #3 - SUBJECT ADDED ENTRY--TOPICAL TERM | |
| Topical term or geographic name entry element | Blackberries |
| General subdivision | Diseases (and pests) |
| 830 #0 - SERIES ADDED ENTRY--UNIFORM TITLE | |
| Uniform title | Agriculture handbook (United States. Department of Agriculture) ; |
| Volume/sequential designation | no. 310. |
No items available.